00365nam a2200157Ia 4500008004100000082001000041100001500051245002400066250000600090260002500096300000800121600001500129630002400144700001500168730002400183090124s9999 xx 000 0 und d b33240 aJOSHI P.G. aAN EXAMPLE FOR ALL  a2 bANAND PRINTERSc1995 a303 aJOSHI P.G. aAN EXAMPLE FOR ALL  aJOSHI P.G. aAN EXAMPLE FOR ALL